Estatísticas para Namíbia

Clique aqui para jogar o quiz

Estatísticas Gerais

  • Esse quiz foi jogado 9 vezes
  • A pontuação média é 7 de 10

Estatísticas das Respostas

HintResposta% Correto
Onde fica?África
100%
De que país é independente?África do Sul
100%
Com que país faz fronteira a Sul?África do Sul
100%
Qual é o seu idioma?Inglês
100%
Com que país faz fronteira a Leste?Botsuana
83%
Qual é o desporto mais popular?Futebol
83%
Com que oceano faz fronteira a Oeste?Atlântico
67%
Qual é a sua religião?Cristianismo
67%
Qual é a sua moeda?Dólar namibiano
0%
Qual é a sua capital?Vinduque
0%

Distribuição das Pontuações

Percentil de Números Respondidos

Porcentagem de Pessoas com Cada Pontuação

Sua Pontuação Histórica

Você não jogou esse quiz